[Event "6th Eksjo it"]
[Site "Eksjo SWE"]
[Date "1978.08.25"]
[Round "1"]
[White "Akvist, Hakan"]
[Black "Schussler, Harry"]
[Result "0-1"]
[WhiteElo "2335"]
[BlackElo "2365"]
[EventDate "1978.08.25"]
[PlyCount "81"]

1. e4 g6 2. d4 Bg7 3. Nc3 d6 4. Be3 a6 5. Qd2 b5 6. a4 b4 7. Nd1 a5 8. f3 Nd7 9. Nh3 e5 10. d5 Ngf6 11. Ndf2 O-O 12. Bg5 Nc5 13. Bb5 Bd7 14. Bxd7 Qxd7 15. b3 c6 16. Bxf6 Bxf6 17. Ng4 Bh4+ 18. g3 Bd8 19. dxc6 Qxc6 20. O-O Ne6 21. Kg2 Rc8 22. Rf2 Bb6 23. Ne3 Qc3 24. Nd5 Qxa1 25. Nxb6 Rcd8 26. Qh6 f6 27. Nd5 Rd7 28. Rd2 Qc1 29. Qe3 Nd4 30. Qd3 Kg7 31. Nf2 Rdf7 32. Ng4 Rc8 33. Nge3 Rd8 34. Rd1 Qb2 35. Rd2 Nc6 36. Nc4 Qd4 37. Qe2 Qc5 38. Nde3 Nd4 39. Qd1 f5 40. Nd5 Rdf8 41. Rxd4 0-1

[Event "6th Eksjo it"]
[Site "Eksjo SWE"]
[Date "1978.08.25"]
[Round "1"]
[White "Borkowski, Franciszek"]
[Black "Wedberg, Tom"]
[Result "0-1"]
[WhiteElo "2400"]
[BlackElo "2370"]
[EventDate "1978.08.25"]
[PlyCount "92"]

1. e4 e5 2. Nf3 Nc6 3. Bb5 Bc5 4. O-O Nd4 5. b4 Bxb4 6. Nxd4 exd4 7. Bb2 Qf6 8. e5 Qb6 9. Ba4 Ne7 10. Qg4 Bc5 11. Bc1 O-O 12. Bxd7 Bxd7 13. Qxd7 Rad8 14. Qa4 Ng6 15. Na3 Nxe5 16. Rb1 Qg6 17. Qb5 Nf3+ 18. Kh1 Nh4 19. Rg1 Rfe8 20. Qxb7 d3 21. Qxc7 Bxf2 22. Bb2 Bxg1 23. Rxg1 dxc2 24. Qf4 Re4 25. Qc7 Ree8 26. Qf4 Qe4 27. Qxe4 Rxe4 28. Bc3 Ra4 29. Nxc2 Rxa2 30. Rc1 Ra6 31. Ne3 f6 32. Kg1 Ng6 33. Nf5 Nf4 34. Re1 Re6 35. Ra1 Ne2+ 36. Kf1 Nxc3 37. dxc3 Rd7 38. Nd4 Re5 39. Nc6 Rc5 40. Nxa7 Rb7 41. Ra6 Rxc3 42. Rc6 Ra3 43. Nc8 Rb2 44. Rc1 Raa2 45. Nd6 Rf2+ 46. Ke1 h5 0-1

[Event "6th Eksjo it"]
[Site "Eksjo SWE"]
[Date "1978.08.25"]
[Round "1"]
[White "Krnic, Zdenko"]
[Black "Schneider, Lars-Ake"]
[Result "1/2-1/2"]
[WhiteElo "2420"]
[BlackElo "2430"]
[EventDate "1978.08.25"]
[PlyCount "24"]

1. Nf3 Nf6 2. c4 e6 3. b3 b6 4. Bb2 Bb7 5. e3 c5 6. Be2 Be7 7. O-O O-O 8. Nc3 d5 9. cxd5 Nxd5 10. d4 Nc6 11. dxc5 Nxc3 12. Bxc3 Bxc5 1/2-1/2

[Event "6th Eksjo it"]
[Site "Eksjo SWE"]
[Date "1978.08.25"]
[Round "1"]
[White "Wagman, Stuart"]
[Black "Paoli, Enrico"]
[Result "1/2-1/2"]
[WhiteElo "2330"]
[BlackElo "2280"]
[EventDate "1978.08.25"]
[PlyCount "55"]

1. e4 c6 2. d4 d5 3. exd5 cxd5 4. Bd3 Nc6 5. c3 Nf6 6. Bf4 e6 7. Nf3 Be7 8. O-O O-O 9. Nbd2 Nh5 10. Be3 f5 11. Nb3 Nf6 12. Re1 Ne4 13. c4 Bd7 14. cxd5 exd5 15. Bf4 g5 16. Be5 g4 17. Nfd2 Nxe5 18. dxe5 Qb6 19. Bxe4 fxe4 20. Nxe4 Be6 21. Nf6+ Bxf6 22. exf6 Rxf6 23. Qd4 Qxd4 24. Nxd4 Bf7 25. Rac1 Rf4 26. Red1 Re8 27. Kf1 Re7 28. Rd2 1/2-1/2

[Event "6th Eksjo it"]
[Site "Eksjo SWE"]
[Date "1978.08.26"]
[Round "2"]
[White "Akvist, Hakan"]
[Black "Wagman, Stuart"]
[Result "1/2-1/2"]
[WhiteElo "2335"]
[BlackElo "2330"]
[EventDate "1978.08.25"]
[PlyCount "67"]

1. d4 d5 2. Nf3 e6 3. c4 Nf6 4. Nc3 c5 5. cxd5 Nxd5 6. e4 Nxc3 7. bxc3 cxd4 8. cxd4 Nc6 9. Bc4 Bb4+ 10. Bd2 Bxd2+ 11. Qxd2 O-O 12. O-O b6 13. Rfe1 Bb7 14. Rad1 Rc8 15. Qf4 Na5 16. Bd3 Qc7 17. Qh4 Qc3 18. Re3 Qb2 19. e5 h6 20. Nd2 Rc1 21. Rxc1 Qxc1+ 22. Nf1 Bd5 23. Rg3 Kh8 24. Qe7 Qc8 25. Ne3 Nc6 26. Qh4 Qd8 27. Qg4 Rg8 28. Qf4 f5 29. Rg6 Rf8 30. Rxh6+ gxh6 31. Qxh6+ Kg8 32. Qg6+ Kh8 33. Qh6+ Kg8 34. Qg6+ 1/2-1/2

[Event "6th Eksjo it"]
[Site "Eksjo SWE"]
[Date "1978.08.26"]
[Round "2"]
[White "Paoli, Enrico"]
[Black "Borkowski, Franciszek"]
[Result "0-1"]
[WhiteElo "2280"]
[BlackElo "2400"]
[EventDate "1978.08.25"]
[PlyCount "82"]

1. e4 e5 2. Nc3 Nf6 3. f4 d5 4. fxe5 Nxe4 5. d3 Nc5 6. Nf3 Be7 7. Be3 Nc6 8. d4 Ne4 9. Bd3 Bf5 10. O-O O-O 11. Bxe4 Bxe4 12. Nxe4 dxe4 13. Nd2 Nxd4 14. Nxe4 Nc6 15. Bf4 Qd4+ 16. Qxd4 Nxd4 17. Rf2 Ne6 18. Be3 Rad8 19. Rd2 Rxd2 20. Nxd2 Rd8 21. Nf3 b6 22. Kf2 Nc5 23. Bxc5 Bxc5+ 24. Ke2 Kf8 25. c3 a5 26. Rf1 h6 27. a4 Ke7 28. Rb1 Ke6 29. b4 axb4 30. cxb4 Be7 31. a5 Ra8 32. axb6 cxb6 33. Rb2 Ra4 34. Kd3 Rxb4 35. Nd4+ Kd5 36. Rxb4 Bxb4 37. Nf5 Bf8 38. Ne3+ Kc5 39. Ke4 b5 40. g4 b4 41. Kd3 g6 0-1

[Event "6th Eksjo it"]
[Site "Eksjo SWE"]
[Date "1978.08.26"]
[Round "2"]
[White "Schussler, Harry"]
[Black "Schneider, Lars-Ake"]
[Result "1/2-1/2"]
[WhiteElo "2365"]
[BlackElo "2430"]
[EventDate "1978.08.25"]
[PlyCount "57"]

1. c4 Nf6 2. Nc3 e6 3. d4 d5 4. Nf3 c6 5. cxd5 exd5 6. Bf4 Bf5 7. e3 Nbd7 8. Bd3 Bxd3 9. Qxd3 Be7 10. O-O O-O 11. h3 Re8 12. Rab1 a5 13. Qc2 Nb6 14. b3 Bd6 15. Be5 Ne4 16. Na4 Nxa4 17. bxa4 Rb8 18. Rb3 c5 19. Bxd6 Qxd6 20. dxc5 Qxc5 21. Qb2 Qc6 22. Rb5 Nc3 23. Nd4 Qc7 24. Rc1 Nxb5 25. Rxc7 Nxc7 26. Qb6 Ne6 27. Nf5 Red8 28. Nd6 Rd7 29. Qa7 1/2-1/2

[Event "6th Eksjo it"]
[Site "Eksjo SWE"]
[Date "1978.08.26"]
[Round "2"]
[White "Wedberg, Tom"]
[Black "Pribyl, Josef"]
[Result "0-1"]
[WhiteElo "2370"]
[BlackElo "2455"]
[EventDate "1978.08.25"]
[PlyCount "82"]

1. e4 g6 2. d4 Bg7 3. Nc3 c6 4. Nf3 d6 5. a4 Nf6 6. Be2 O-O 7. O-O a5 8. h3 d5 9. exd5 Nxd5 10. Nxd5 cxd5 11. Bf4 Nc6 12. c3 h6 13. Qd2 g5 14. Bh2 Bf5 15. h4 f6 16. Bd3 Bxd3 17. Qxd3 e5 18. Qf5 Rf7 19. hxg5 fxg5 20. Qg4 exd4 21. cxd4 Qd7 22. Qxd7 Rxd7 23. Ne5 Re7 24. Nxc6 bxc6 25. Rac1 Ra6 26. Bd6 Re4 27. Bc5 Bxd4 28. Bxd4 Rxd4 29. Rfe1 Kf7 30. Re5 Rxa4 31. Rce1 Rf4 32. Re7+ Kg6 33. Rc7 Re4 34. Rxe4 dxe4 35. g4 Rb6 36. Kf1 Kf6 37. Rh7 Ke5 38. Rxh6 a4 39. Rg6 Kf4 40. Re6 Rxb2 41. Rxc6 a3 0-1

[Event "6th Eksjo it"]
[Site "Eksjo SWE"]
[Date "1978.08.27"]
[Round "3"]
[White "Borkowski, Franciszek"]
[Black "Akvist, Hakan"]
[Result "1-0"]
[WhiteElo "2400"]
[BlackElo "2335"]
[EventDate "1978.08.25"]
[PlyCount "55"]

1. e4 e6 2. d4 d5 3. Nd2 Nf6 4. e5 Nfd7 5. c3 c5 6. Ndf3 Nc6 7. Bd3 Qa5 8. Bd2 Qb6 9. Ne2 c4 10. Bc2 Qxb2 11. O-O Qa3 12. Ng5 g6 13. f4 Nb6 14. f5 exf5 15. g4 Ne7 16. Ng3 Bh6 17. Nxf7 Bxd2 18. Nd6+ Kd8 19. Qxd2 Be6 20. gxf5 gxf5 21. Nxb7+ Kc7 22. Nc5 Bc8 23. Qg5 Re8 24. Qf6 Bd7 25. Qd6+ Kc8 26. e6 Bb5 27. Nxf5 Nc6 28. Qg3 1-0

[Event "6th Eksjo it"]
[Site "Eksjo SWE"]
[Date "1978.08.27"]
[Round "3"]
[White "Krnic, Zdenko"]
[Black "Wedberg, Tom"]
[Result "0-1"]
[WhiteElo "2420"]
[BlackElo "2370"]
[EventDate "1978.08.25"]
[PlyCount "110"]

1. Nf3 c5 2. e4 Nf6 3. Nc3 Nc6 4. d4 d5 5. exd5 Nxd5 6. dxc5 Nxc3 7. Qxd8+ Nxd8 8. bxc3 Bd7 9. Be3 g6 10. O-O-O Bg7 11. Bd4 Bh6+ 12. Kb2 O-O 13. Ne5 Be6 14. Bb5 f6 15. Nd3 Bd5 16. f3 e5 17. Bf2 Be6 18. Nb4 f5 19. Rhe1 Bg7 20. Rd6 Rc8 21. Red1 Kh8 22. Ba4 Bg8 23. Bd7 Ra8 24. Bh4 Nf7 25. R1d2 g5 26. Bf2 e4 27. Bxf5 a5 28. Nd5 exf3 29. g4 Ne5 30. Rd4 a4 31. Ka3 Nc6 32. Rxa4 Rxa4+ 33. Kxa4 Ra8+ 34. Kb5 Rxa2 35. Nb4 Rb2 36. Ka4 Bxc3 37. Nxc6 bxc6 38. Bd4+ Bxd4 39. Rxd4 f2 40. Rd1 Bc4 41. Bd3 Bxd3 42. cxd3 Kg7 43. d4 Rd2 44. Rxd2 f1=Q 45. Kb3 Qf3+ 46. Kc4 Qxg4 47. Rb2 Qe6+ 48. Kd3 Qh3+ 49. Ke4 Qg4+ 50. Ke3 Qf4+ 51. Kd3 Qf3+ 52. Kc4 Qf1+ 53. Kc3 Qc1+ 54. Rc2 Qe3+ 55. Kc4 Kf6 0-1

[Event "6th Eksjo it"]
[Site "Eksjo SWE"]
[Date "1978.08.27"]
[Round "3"]
[White "Pribyl, Josef"]
[Black "Paoli, Enrico"]
[Result "1-0"]
[WhiteElo "2455"]
[BlackElo "2280"]
[EventDate "1978.08.25"]
[PlyCount "81"]

1. Nf3 Nf6 2. b3 g6 3. Bb2 Bg7 4. g3 O-O 5. Bg2 c5 6. c4 Nc6 7. O-O d6 8. Nc3 e5 9. e3 Qe7 10. d4 Bg4 11. d5 Nb4 12. h3 Bxf3 13. Bxf3 e4 14. Be2 Nd7 15. a3 Na6 16. h4 f5 17. Rb1 Ne5 18. Kg2 h5 19. Qc2 Rae8 20. Ba1 Bf6 21. b4 Bxh4 22. gxh4 Qxh4 23. Rh1 Qg5+ 24. Kf1 Ng4 25. Nd1 f4 26. Qc3 Re5 27. exf4 Rxf4 28. Bxg4 hxg4 29. Qg3 Rf3 30. Qh4 Qxh4 31. Rxh4 Rh5 32. Rxg4 Rxa3 33. b5 Nb4 34. Rxg6+ Kf7 35. Rxd6 e3 36. Rf6+ Ke7 37. Re6+ Kd7 38. Rxe3 Ra2 39. Bc3 Nc2 40. Re2 Rh4 41. Rc1 1-0

[Event "6th Eksjo it"]
[Site "Eksjo SWE"]
[Date "1978.08.27"]
[Round "3"]
[White "Wagman, Stuart"]
[Black "Schussler, Harry"]
[Result "1/2-1/2"]
[WhiteElo "2330"]
[BlackElo "2365"]
[EventDate "1978.08.25"]
[PlyCount "70"]

1. e4 g6 2. Nf3 Bg7 3. d4 d6 4. Nc3 Nf6 5. Be2 O-O 6. O-O Nc6 7. Be3 e5 8. dxe5 dxe5 9. Bc5 Re8 10. h3 Nh5 11. Qxd8 Nxd8 12. Rfd1 Nf4 13. Bf1 Nfe6 14. Be3 Nc6 15. Nd5 Ncd4 16. Ne1 c6 17. Nb4 a5 18. Nbd3 a4 19. c3 Nb5 20. Nb4 Nec7 21. Bb6 Na6 22. Bxb5 cxb5 23. Rd5 Bf8 24. Nec2 Re6 25. Be3 Nc7 26. Rd8 Re8 27. Rxe8 Nxe8 28. Nd5 Be6 29. Rd1 Kg7 30. a3 Rd8 31. Bb6 Rd7 32. Nce3 f6 33. Kf1 Kf7 34. Ke2 Nd6 35. f3 Bh6 1/2-1/2

[Event "6th Eksjo it"]
[Site "Eksjo SWE"]
[Date "1978.08.28"]
[Round "4"]
[White "Akvist, Hakan"]
[Black "Pribyl, Josef"]
[Result "1/2-1/2"]
[WhiteElo "2335"]
[BlackElo "2455"]
[EventDate "1978.08.25"]
[PlyCount "34"]

1. e4 Nf6 2. e5 Nd5 3. d4 d6 4. Nf3 Bg4 5. Be2 e6 6. O-O Be7 7. c4 Nb6 8. exd6 cxd6 9. Be3 O-O 10. Nbd2 Nc6 11. Rc1 d5 12. c5 Nc8 13. h3 Bh5 14. a3 Bf6 15. b4 a6 16. Qb3 Bxf3 17. Nxf3 N8e7 1/2-1/2

[Event "6th Eksjo it"]
[Site "Eksjo SWE"]
[Date "1978.08.28"]
[Round "4"]
[White "Paoli, Enrico"]
[Black "Krnic, Zdenko"]
[Result "0-1"]
[WhiteElo "2280"]
[BlackElo "2420"]
[EventDate "1978.08.25"]
[PlyCount "118"]

1. e4 c5 2. Nf3 Nc6 3. d4 cxd4 4. Nxd4 e6 5. Nc3 a6 6. Be2 Nge7 7. Be3 Nxd4 8. Qxd4 b5 9. O-O Nc6 10. Qd2 Bb7 11. Rfd1 Be7 12. Bf4 f6 13. Bd6 Ne5 14. Bxe7 Qxe7 15. f4 Nf7 16. a3 Bc6 17. Bf3 O-O 18. Qe3 Rfc8 19. Ne2 e5 20. f5 Nd6 21. b3 Nb7 22. Rd2 a5 23. h4 b4 24. axb4 axb4 25. Rxa8 Rxa8 26. Kf2 Qc5 27. Nc1 Qxe3+ 28. Kxe3 Nc5 29. Nd3 Nxd3 30. Kxd3 Rc8 31. Rd1 Kf8 32. Ra1 Ke7 33. Re1 Kd6 34. Re3 Kc5 35. Kd2 Ra8 36. Bd1 d5 37. exd5 Bxd5 38. Rg3 Ra7 39. Be2 Kd4 40. Rd3+ Kc5 41. Rg3 Rc7 42. Rg4 e4 43. Ke3 Kd6 44. Kd4 h5 45. Rg3 Rxc2 46. Bc4 Bxc4 47. bxc4 e3 48. Rxe3 Rd2+ 49. Ke4 Rxg2 50. Kd3 Kc5 51. Re7 Rg3+ 52. Kc2 Kxc4 53. Rc7+ Kd5 54. Re7 Rg4 55. Kb3 Rxh4 56. Rxg7 Ke5 57. Rb7 Kxf5 58. Rb5+ Kg6 59. Kc2 Rd4 0-1

[Event "6th Eksjo it"]
[Site "Eksjo SWE"]
[Date "1978.08.28"]
[Round "4"]
[White "Wagman, Stuart"]
[Black "Borkowski, Franciszek"]
[Result "0-1"]
[WhiteElo "2330"]
[BlackElo "2400"]
[EventDate "1978.08.25"]
[PlyCount "54"]

1. e4 e5 2. Nf3 Nc6 3. Bb5 Nf6 4. O-O Bc5 5. c3 O-O 6. d4 Bb6 7. Bg5 h6 8. Bh4 d6 9. a4 a5 10. dxe5 dxe5 11. Nbd2 Bg4 12. Qe2 g5 13. Bg3 Nd7 14. Bxc6 bxc6 15. Nc4 Qf6 16. Rfd1 Rad8 17. Rd2 Qe7 18. Ne3 Bxe3 19. Qxe3 f6 20. Ne1 Nc5 21. Rxd8 Rxd8 22. f3 Nb3 23. Rb1 Be6 24. h4 Bc4 25. Bf2 c5 26. g3 Rd2 27. hxg5 Re2 0-1

[Event "6th Eksjo it"]
[Site "Eksjo SWE"]
[Date "1978.08.28"]
[Round "4"]
[White "Wedberg, Tom"]
[Black "Schneider, Lars-Ake"]
[Result "1-0"]
[WhiteElo "2370"]
[BlackElo "2430"]
[EventDate "1978.08.25"]
[PlyCount "57"]

1. e4 c5 2. Nf3 Nc6 3. d4 cxd4 4. Nxd4 Nf6 5. Nc3 d6 6. Bc4 e6 7. Be3 Be7 8. Qe2 a6 9. O-O-O Qc7 10. Bb3 Na5 11. g4 b5 12. g5 Nxb3+ 13. axb3 Nd7 14. h4 b4 15. Na4 Nc5 16. h5 Bd7 17. Kb1 Qb7 18. e5 Nxa4 19. exd6 Nxb2 20. Kxb2 Bxd6 21. Nf5 exf5 22. Bc5+ Qe4 23. Qxe4+ fxe4 24. Rxd6 h6 25. g6 fxg6 26. Rxg6 Kf7 27. Rh4 Be8 28. Rhg4 Rh7 29. Rf4+ 1-0

[Event "6th Eksjo it"]
[Site "Eksjo SWE"]
[Date "1978.08.29"]
[Round "5"]
[White "Borkowski, Franciszek"]
[Black "Schussler, Harry"]
[Result "0-1"]
[WhiteElo "2400"]
[BlackElo "2365"]
[EventDate "1978.08.25"]
[PlyCount "84"]

1. e4 c5 2. Nf3 e6 3. d4 cxd4 4. Nxd4 Nf6 5. Nc3 d6 6. Bc4 a6 7. Bb3 b5 8. O-O Be7 9. f4 Bb7 10. Bxe6 fxe6 11. Nxe6 Qb6+ 12. Kh1 Rg8 13. Nd5 Bxd5 14. exd5 Nbd7 15. Re1 Qb7 16. a4 Rc8 17. axb5 axb5 18. Nd4 Kf7 19. Qe2 Rge8 20. Qe6+ Kf8 21. Nc6 Nxd5 22. Na5 Nc5 23. Nxb7 Nxe6 24. Rxe6 Rxc2 25. f5 Rec8 26. Be3 Nxe3 27. Rxe3 Rc1+ 28. Re1 Rxa1 29. Rxa1 Rc7 30. Na5 Bf6 31. Nb3 Bxb2 32. Ra8+ Kf7 33. Rb8 Re7 34. g4 Re5 35. Na5 Bc3 36. Nb7 Rd5 37. Rc8 b4 38. g5 Ke7 39. Rc7+ Ke8 40. Rc4 Kd7 41. f6 gxf6 42. gxf6 Ke6 0-1

[Event "6th Eksjo it"]
[Site "Eksjo SWE"]
[Date "1978.08.29"]
[Round "5"]
[White "Krnic, Zdenko"]
[Black "Akvist, Hakan"]
[Result "0-1"]
[WhiteElo "2420"]
[BlackElo "2335"]
[EventDate "1978.08.25"]
[PlyCount "96"]

1. Nf3 f5 2. d3 Nf6 3. c4 d6 4. Nc3 e5 5. e4 Be7 6. g3 Nc6 7. Bh3 fxe4 8. Bxc8 Qxc8 9. dxe4 O-O 10. O-O Kh8 11. Kg2 Nd8 12. Qd3 Ne6 13. Be3 Ng4 14. Bd2 Qe8 15. Nd5 Bd8 16. b4 c6 17. Nc3 a5 18. b5 Bb6 19. Be1 Qg6 20. Nh4 Qh5 21. h3 Qxh4 22. Ne2 Qg5 23. hxg4 Nc5 24. Qc2 Qxg4 25. f3 Qg6 26. bxc6 bxc6 27. Rb1 Bc7 28. Bf2 Ne6 29. Be3 Rf7 30. g4 Raf8 31. Ng3 d5 32. cxd5 cxd5 33. Rb2 d4 34. Bc1 Bd8 35. Rb8 Bg5 36. Rxf8+ Rxf8 37. Ba3 Rd8 38. Nh5 Qf7 39. Qb3 g6 40. Ng3 Nf4+ 41. Kf2 Qxb3 42. axb3 Rc8 43. Rb1 Bh4 44. Bd6 Rc2+ 45. Kf1 Bxg3 46. Bxe5+ Kg8 47. Bxd4 Rh2 48. Rb2 Rh1+ 0-1

[Event "6th Eksjo it"]
[Site "Eksjo SWE"]
[Date "1978.08.29"]
[Round "5"]
[White "Pribyl, Josef"]
[Black "Wagman, Stuart"]
[Result "1/2-1/2"]
[WhiteElo "2455"]
[BlackElo "2330"]
[EventDate "1978.08.25"]
[PlyCount "133"]

1. d4 Nf6 2. Bg5 g6 3. Nc3 Bg7 4. e4 d6 5. Qd2 O-O 6. f4 c6 7. Bd3 b5 8. Nf3 Nbd7 9. O-O Nb6 10. f5 d5 11. e5 b4 12. exf6 exf6 13. Bf4 bxc3 14. Qxc3 Bd7 15. a4 a5 16. b4 Re8 17. bxa5 Nc4 18. Nd2 Nxa5 19. Nb3 Nxb3 20. cxb3 Bf8 21. a5 Qc8 22. Bd2 Qb8 23. b4 Bd6 24. h3 g5 25. Rfe1 Qa7 26. Rxe8+ Rxe8 27. Kf1 Bb8 28. Re1 Rxe1+ 29. Bxe1 Qc7 30. Qd2 Qd6 31. Qe3 Kg7 32. Ke2 Ba7 33. g3 Bb8 34. Kd1 Ba7 35. Kc2 Bb8 36. Kb3 Ba7 37. Bf2 Bb8 38. Qd2 Ba7 39. Qc3 Kg8 40. a6 Kg7 41. Qa1 Qb8 42. Qe1 Qb6 43. h4 h6 44. h5 Bc8 45. Qe2 Bb8 46. Qa2 Qa7 47. Qa5 Bc7 48. Qc5 Bb6 49. Qxc6 Bxa6 50. Bxa6 Qxa6 51. b5 Qa1 52. Qxb6 Qb1+ 53. Kc3 Qc1+ 54. Kd3 Qd1+ 55. Ke3 g4 56. Qb8 Qf3+ 57. Kd2 Qxf2+ 58. Kc3 Qe3+ 59. Kc2 Qe2+ 60. Kb3 Qc4+ 61. Ka3 Qc3+ 62. Ka2 Qxd4 63. b6 Qa4+ 64. Kb2 Qb4+ 65. Kc2 Qc4+ 66. Kd2 Qd4+ 67. Kc2 1/2-1/2

[Event "6th Eksjo it"]
[Site "Eksjo SWE"]
[Date "1978.08.29"]
[Round "5"]
[White "Schneider, Lars-Ake"]
[Black "Paoli, Enrico"]
[Result "1-0"]
[WhiteElo "2430"]
[BlackElo "2280"]
[EventDate "1978.08.25"]
[PlyCount "73"]

1. e4 e5 2. Nf3 Nf6 3. Nxe5 d6 4. Nf3 Nxe4 5. Qe2 Qe7 6. d3 Nf6 7. Bg5 Qxe2+ 8. Bxe2 Be7 9. Nc3 c6 10. O-O-O Na6 11. Rhe1 Nc7 12. Bf1 Ne6 13. Bh4 h6 14. a3 g5 15. Bg3 Nh5 16. Ne4 Nxg3 17. Nxg3 Nf4 18. Nd4 Be6 19. Ngf5 Bxf5 20. Nxf5 Ne6 21. d4 d5 22. c4 Rd8 23. cxd5 cxd5 24. Nxe7 Kxe7 25. g3 Rd6 26. Bg2 Rc8+ 27. Kb1 b6 28. f4 gxf4 29. gxf4 Kf6 30. Re5 Rc4 31. Bf1 Rc8 32. Bd3 Rg8 33. Rh5 Ke7 34. Re1 Kd7 35. Bb5+ Kd8 36. Rxh6 Rg2 37. f5 1-0

[Event "6th Eksjo it"]
[Site "Eksjo SWE"]
[Date "1978.08.30"]
[Round "6"]
[White "Akvist, Hakan"]
[Black "Schneider, Lars-Ake"]
[Result "1/2-1/2"]
[WhiteElo "2335"]
[BlackElo "2430"]
[EventDate "1978.08.25"]
[PlyCount "149"]

1. e4 c5 2. Nf3 Nc6 3. g3 g6 4. Bg2 Bg7 5. O-O d6 6. c3 e5 7. d3 Nge7 8. Be3 O-O 9. Na3 b6 10. Nh4 d5 11. Bd2 Be6 12. f4 exf4 13. gxf4 Qd7 14. f5 gxf5 15. exf5 Nxf5 16. Nxf5 Bxf5 17. Qf3 Be6 18. Rae1 Kh8 19. Qh5 Rg8 20. Rf4 f5 21. Rh4 Bf6 22. Rh3 Qg7 23. Rg3 Qf7 24. Qh6 Ne5 25. Nb5 Rad8 26. Nc7 Rxg3 27. hxg3 Ng4 28. Qf4 Bc8 29. Nb5 Qf8 30. Qf3 Ne5 31. Qf1 a6 32. Nc7 Qf7 33. Bf4 Qxc7 34. d4 cxd4 35. cxd4 Re8 36. Kh1 Bd7 37. dxe5 Bxe5 38. Bxd5 Bxf4 39. Rxe8+ Bxe8 40. gxf4 Bc6 41. Bxc6 Qxc6+ 42. Kh2 Qh6+ 43. Kg2 Qg7+ 44. Kh3 Qg4+ 45. Kh2 Kg7 46. Qf2 Qh5+ 47. Kg2 Qg6+ 48. Kf1 a5 49. a3 Qf6 50. Qg2+ Kf7 51. Qb7+ Kf8 52. Qb8+ Kg7 53. Qb7+ Kh6 54. Qh1+ Kg6 55. Qg2+ Kf7 56. Qb7+ Kf8 57. Qb8+ Kg7 58. Qb7+ Qf7 59. Qg2+ Kf6 60. Qg5+ Ke6 61. Qd8 Qb7 62. Qg8+ Kf6 63. Qg5+ Ke6 64. Qg8+ Kd6 65. Qf8+ Kc7 66. Qxf5 Qf3+ 67. Kg1 h5 68. Qe5+ Kd7 69. f5 h4 70. Qe6+ Kc7 71. Qc4+ Kd6 72. Qd4+ Kc6 73. Qc4+ Kd6 74. Qd4+ Kc6 75. Qc4+ 1/2-1/2

[Event "6th Eksjo it"]
[Site "Eksjo SWE"]
[Date "1978.08.30"]
[Round "6"]
[White "Borkowski, Franciszek"]
[Black "Pribyl, Josef"]
[Result "1-0"]
[WhiteElo "2400"]
[BlackElo "2455"]
[EventDate "1978.08.25"]
[PlyCount "121"]

1. e4 d6 2. d4 Nf6 3. Nc3 g6 4. f4 Bg7 5. Nf3 c5 6. Bb5+ Bd7 7. e5 Ng4 8. e6 Bxb5 9. exf7+ Kd7 10. Nxb5 Qa5+ 11. Nc3 cxd4 12. Nxd4 Bxd4 13. Qxd4 Nc6 14. Qc4 Rhf8 15. Bd2 Rac8 16. Nd5 Qc5 17. Qxc5 dxc5 18. h3 Nf6 19. Nxf6+ exf6 20. O-O-O Kc7 21. f5 Rxf7 22. Bf4+ Kb6 23. fxg6 hxg6 24. Rhe1 Rd8 25. Rxd8 Nxd8 26. Rd1 Nc6 27. Rd6 c4 28. h4 Kc5 29. Rd1 Kb6 30. Rd5 a6 31. g4 Re7 32. Rd6 g5 33. hxg5 fxg5 34. Bxg5 Rg7 35. Rd5 Nb4 36. Be3+ Kc6 37. Rc5+ Kd6 38. Rxc4 Nd5 39. Bf4+ Nxf4 40. Rxf4 Ke5 41. Rb4 b5 42. a4 Kd5 43. axb5 Kc5 44. Rf4 axb5 45. c3 Rh7 46. b4+ Kd5 47. Kc2 Rh2+ 48. Kb3 Rg2 49. Rf5+ Ke4 50. Rxb5 Rxg4 51. Rc5 Rg8 52. b5 Rb8 53. Kb4 Kd3 54. Rd5+ Ke4 55. Rd7 Ke5 56. c4 Ke6 57. Rd1 Ke7 58. c5 Rh8 59. b6 Rh2 60. Kb5 Rb2+ 61. Kc6 1-0

[Event "6th Eksjo it"]
[Site "Eksjo SWE"]
[Date "1978.08.30"]
[Round "6"]
[White "Schussler, Harry"]
[Black "Wedberg, Tom"]
[Result "1/2-1/2"]
[WhiteElo "2365"]
[BlackElo "2370"]
[EventDate "1978.08.25"]
[PlyCount "26"]

1. c4 c5 2. Nc3 Nc6 3. g3 g6 4. Bg2 Bg7 5. e3 e5 6. d3 d6 7. b3 Nge7 8. Bb2 O-O 9. Nge2 Bg4 10. O-O Qd7 11. Qd2 Bh3 12. Nd5 Rae8 13. Nxe7+ Nxe7 1/2-1/2

[Event "6th Eksjo it"]
[Site "Eksjo SWE"]
[Date "1978.08.30"]
[Round "6"]
[White "Wagman, Stuart"]
[Black "Krnic, Zdenko"]
[Result "0-1"]
[WhiteElo "2330"]
[BlackElo "2420"]
[EventDate "1978.08.25"]
[PlyCount "70"]

1. e4 c5 2. Nf3 Nc6 3. d4 cxd4 4. Nxd4 e6 5. Nc3 a6 6. g3 Nxd4 7. Qxd4 Ne7 8. Bg2 Nc6 9. Qd1 Be7 10. O-O O-O 11. Be3 b5 12. a4 Rb8 13. axb5 axb5 14. Qe2 b4 15. Na4 d6 16. f4 Qc7 17. Qf2 Ba6 18. Rfd1 Bb5 19. Bf1 Bxf1 20. Qxf1 Na5 21. Qd3 Nc4 22. Bf2 Bf6 23. Bd4 e5 24. fxe5 Nxe5 25. Bxe5 Bxe5 26. Ra2 Rfc8 27. b3 h5 28. Rd2 Ra8 29. Kg2 g6 30. Rf2 Kg7 31. Qb5 Rcb8 32. Qd5 Ra5 33. Rxf7+ Qxf7 34. Qxa5 Rf8 35. Qb5 Qf3+ 0-1

[Event "6th Eksjo it"]
[Site "Eksjo SWE"]
[Date "1978.08.31"]
[Round "7"]
[White "Krnic, Zdenko"]
[Black "Borkowski, Franciszek"]
[Result "1-0"]
[WhiteElo "2420"]
[BlackElo "2400"]
[EventDate "1978.08.25"]
[PlyCount "87"]

1. b3 e5 2. Bb2 Nc6 3. e3 d5 4. Bb5 Bd6 5. f4 Qe7 6. Nf3 f6 7. O-O Nh6 8. Nc3 Be6 9. fxe5 fxe5 10. e4 Bc5+ 11. Kh1 O-O-O 12. exd5 Bxd5 13. Nxd5 Rxd5 14. Bxc6 bxc6 15. c4 Rd6 16. Nxe5 Qh4 17. Qf3 Rhd8 18. Bc3 Rf6 19. Qh3+ Qxh3 20. gxh3 Bd4 21. Rxf6 Bxc3 22. dxc3 gxf6 23. Nxc6 Rd2 24. Rf1 f5 25. a4 Rd3 26. Nxa7+ Kb7 27. Nb5 Rxh3 28. Kg2 Rd3 29. Rf3 Rd2+ 30. Kg3 c5 31. Rf2 Rd1 32. Re2 Rd7 33. Kf4 Rd1 34. Re7+ Kb8 35. h3 Rh1 36. Rxh7 Ng4 37. Rh8+ Kb7 38. Nd6+ Kc6 39. Nxf5 Nf2 40. Rh6+ Kb7 41. Nd6+ Kb8 42. Ne4 Nxh3+ 43. Ke5 Kc7 44. a5 1-0

[Event "6th Eksjo it"]
[Site "Eksjo SWE"]
[Date "1978.08.31"]
[Round "7"]
[White "Pribyl, Josef"]
[Black "Schussler, Harry"]
[Result "1/2-1/2"]
[WhiteElo "2455"]
[BlackElo "2365"]
[EventDate "1978.08.25"]
[PlyCount "21"]

1. d4 e6 2. e4 d5 3. Nd2 dxe4 4. Nxe4 Bd7 5. Nf3 Bc6 6. Bd3 Nd7 7. Qe2 Ngf6 8. Bd2 Nxe4 9. Bxe4 Bxe4 10. Qxe4 c6 11. O-O 1/2-1/2

[Event "6th Eksjo it"]
[Site "Eksjo SWE"]
[Date "1978.08.31"]
[Round "7"]
[White "Schneider, Lars-Ake"]
[Black "Wagman, Stuart"]
[Result "1/2-1/2"]
[WhiteElo "2430"]
[BlackElo "2330"]
[EventDate "1978.08.25"]
[PlyCount "62"]

1. b3 d6 2. Bb2 Nd7 3. c4 Ngf6 4. g3 g6 5. Bg2 Bg7 6. Nf3 O-O 7. d4 e5 8. dxe5 Ng4 9. O-O Ndxe5 10. Nxe5 dxe5 11. Nc3 c6 12. Ne4 f5 13. Nd6 Nh6 14. Ba3 Qc7 15. Qc2 Rd8 16. Rad1 Be6 17. c5 Nf7 18. Nc4 Rxd1 19. Rxd1 Rd8 20. Rd3 Bd5 21. Nd6 e4 22. Rd1 Nxd6 23. cxd6 Qf7 24. f3 Qe6 25. fxe4 fxe4 26. Qd2 b6 27. Qg5 Bf6 28. Qf4 Be5 29. Qh4 Bf6 30. Qf4 Be5 31. Qh4 Bf6 1/2-1/2

[Event "6th Eksjo it"]
[Site "Eksjo SWE"]
[Date "1978.08.31"]
[Round "7"]
[White "Wedberg, Tom"]
[Black "Paoli, Enrico"]
[Result "1/2-1/2"]
[WhiteElo "2370"]
[BlackElo "2280"]
[EventDate "1978.08.25"]
[PlyCount "54"]

1. e4 c5 2. Nf3 Nc6 3. d4 cxd4 4. Nxd4 Nf6 5. Nc3 d6 6. Bc4 e6 7. Be3 a6 8. Qe2 Qc7 9. O-O-O Be7 10. Bb3 Bd7 11. g4 Nxd4 12. Rxd4 Bc6 13. f4 O-O 14. g5 Nd7 15. Rf1 e5 16. Rd3 exf4 17. Bxf4 Nc5 18. Rh3 Nxb3+ 19. axb3 Rac8 20. Re1 g6 21. Nd5 Qd8 22. Qd2 Re8 23. Rd3 Bxd5 24. Rxd5 Rc5 25. Rd1 Qc7 26. Kb1 Rxd5 27. Qxd5 Rc8 1/2-1/2